000 00817nam a2200277Ia 4500
003 OSt
005 20220928112541.0
006 a|||||r|||| 00| 0
007 ta
008 220927b |||||||| |||| 00| 0 eng d
020 _cEURO 59.99
024 _a137610
037 _b047, 27/02/2018, Excel Book International
_cTextual
040 _aSDCL
_cSDCL
_beng
041 _2eng
_aeng
082 _aX:78, Q7
100 _aBratton John
_9428681
245 0 _aHuman resource management
_b Theory and practice
250 _a6th
260 _aLondon
_bPalgrave
_c2017
300 _alii,660p.
_ccm.
650 _aApplied Psychology
700 _a Gold Jeff
_9428682
942 _hX:78, Q7
_cTEXL
_2CC
999 _c745221
_d745221